• 首页
  • 本馆介绍
  • 公告通知
  • 最新文献
  • 馆藏检索
  • 电子资源
  • 读者导购
  • 参考咨询
  • 我的图书馆
  • 登录
  • 详细信息显示
  • 放入我的书架
  • 预约/预借图书
  • 作者相关作品
  • 分类相关作品
  • 丛书相关作品
  • 出版社相关作品

书目信息

  • 表格格式
  • 工作单格式
  • 卡片格式
书名: Conducting and reading research in health and human performance
作者: Ted A. Baumgartner, Clinton H. Strong.
分册号:
分册名:
出版地: Boston, Mass. :
 
出版社: WCB/McGraw-Hill
出版时间: c1998.
页数: xiv, 326 p. :
开本: 24 cm.
丛书名:
中图分类号:
科图分类号:
其他分类号: G304
主题词:
电子资源:
000 01087pam a2200301 a 450
001 E0738128744
005 20070424104454.15
008 970317s1998 maua b 001 0 eng
010    @a97008348
020    @a0697295095.
035    @A(DLC) 97008348
040    @aDLC@cDLC@dDLC
050 00 @aR850@b.B365 1998
082 00 @a610/.72@2 21
090    @aG304
099    @dG304@ex12=2
100 1  @aBaumgartner, Ted A.
245 10 @aConducting and reading research in health and human performance / @cTed A. Baumgartner, Clinton H. Strong.
250    @a2nd ed.
260    @aBoston, Mass. :@bWCB/McGraw-Hill,@cc1998.
300    @axiv, 326 p. :@bill. ;@c24 cm.
504    @aIncludes bibliographical references (p. 296-309) and index.
650  0 @aHealth@xResearch@xMethodology.
650  0 @aMedicine@xResearch@xMethodology.
700 1  @aStrong, Clinton H.
906    @a7@bcbc@corignew@d1@eocip@f19@gy-gencatlg
955    @apc03 to sa00 03-18-97; sd05 03-18-97; to a&s;; jc06 03-19-97; jc13 03-20-97; CIP ver. yb07 8-30-97
991    @bc-GenColl@hR850@i.B365 1998@tCopy 1@wBOOKS
    
    Conducting and reading research in health and human performance / / Ted A. Baumgartner, Clinton H. Strong.-2nd ed.-Boston, Mass. : : WCB/McGraw-Hill, , c1998.
    xiv, 326 p. : : ill. ; ; 24 cm.
    Includes bibliographical references (p. 296-309) and index.
    
    ISBN 0697295095.
    
●
相关链接 在E读中查询图书 在五车中查询图书 在当当中查询图书 在豆瓣中查询图书


正题名:Conducting and reading research in health and human performance     索取号:G304/x12=2         预约/预借

序号 登录号 条形码 馆藏地/架位号 状态 备注
1 4766   300047660   第二样本阅览室/ [索取号:G304/x12=2] 在馆    
2 4767   300047679   第四借阅区/ [索取号:G304/x12=2] 在馆    
3 4768   300047688   第四借阅区/ [索取号:G304/x12=2] 在馆    
4 4769   300047697   密集书库/ [索取号:G304/x12=2] 在馆    
5 4770   300047704   密集书库/ [索取号:G304/x12=2] 在馆    
唐山师范学院图书馆 欢迎您!
大连网信软件有限公司© 版权所有